[Event "7th UI&UL GM"]
[Site "Dhaka BAN"]
[Date "2005.04.09"]
[Round "6"]
[White "Chatterjee,D"]
[Black "Roy Chowdhury,S"]
[Result "1/2-1/2"]
[WhiteElo "2246"]
[BlackElo "2397"]
[EventDate "2005.04.05"]

1. d4 Nf6 2. c4 e6 3. Nc3 c5 4. d5 exd5 5. cxd5 d6 6. e4 g6 7. f4 Bg7 8.
Bb5+ Nfd7 9. Bd3 Qh4+ 10. g3 Qe7 11. Nf3 O-O 12. O-O Nb6 13. Kg2 Bg4 14. h3
Bxf3+ 15. Qxf3 N8d7 16. Bd2 c4 17. Bc2 Nc5 18. Rae1 Nbd7 19. Nd1 b5 20. Bc3
Rab8 21. Bxg7 Kxg7 22. Qc3+ Kg8 23. Nf2 f6 24. h4 Qg7 25. h5 Rbe8 26. hxg6
hxg6 27. Ng4 f5 28. exf5 gxf5 29. Qxg7+ Kxg7 30. Rxe8 Rxe8 31. Bxf5 Nb6 32.
Rh1 Nxd5 33. Rh7+ Kf8 34. Kf3 Re7 35. Rh8+ Kg7 36. Rh7+ Kf8 37. Rh8+ Kg7
1/2-1/2

[Event "7th UI&UL GM"]
[Site "Dhaka BAN"]
[Date "2005.04.09"]
[Round "6"]
[White "Haque,R1"]
[Black "Sangma,R"]
[Result "0-1"]
[WhiteElo "2188"]
[BlackElo "2311"]
[EventDate "2005.04.05"]

1. Nf3 d5 2. d3 c5 3. c3 Nc6 4. Nbd2 g6 5. e4 e6 6. Be2 Bg7 7. O-O Nge7 8.
a4 O-O 9. Re1 h6 10. Bf1 d4 11. cxd4 Nxd4 12. Nxd4 cxd4 13. e5 Nc6 14. Nc4
b6 15. b4 Nxb4 16. Ba3 Nd5 17. Bxf8 Bxf8 18. Nd6 Bxd6 19. exd6 Qxd6 20. Qg4
Nc3 21. Qf3 Rb8 22. Qf6 Bb7 23. h4 h5 24. Re5 Nd5 25. Qg5 Kg7 26. Ree1 Bc6
27. Qd2 Nc3 28. Rec1 Rc8 29. Rc2 Bd7 30. g3 a5 31. Bg2 Rc5 32. Rb2 Bxa4 33.
Qf4 Qxf4 34. gxf4 b5 35. Bb7 Kf6 36. Kg2 Ke7 37. Re1 Rc7 38. Bf3 Kd6 39.
Ra1 b4 40. Kf1 Kc5 41. Ke1 Kb6 42. Kd2 Kb5 43. Re1 b3 44. Ra1 Kb4 45. Bd1
Nxd1 46. Kxd1 Rc3 47. Ke2 Bb5 48. Rd2 a4 49. Rg1 a3 50. Rb1 Rxd3 51. Rxd3
b2 52. Kd2 Bxd3 0-1

[Event "7th UI&UL GM"]
[Site "Dhaka BAN"]
[Date "2005.04.09"]
[Round "6"]
[White "Roktim,B"]
[Black "Vinoth,K"]
[Result "1-0"]
[WhiteElo "2389"]
[BlackElo "2238"]
[EventDate "2005.04.05"]

1. d4 d6 2. Nf3 g6 3. c4 Nd7 4. Nc3 Bg7 5. e4 e5 6. Be2 Nh6 7. h4 f6 8. h5
Nf7 9. Be3 c6 10. Qc2 g5 11. O-O-O h6 12. c5 dxc5 13. d5 Bf8 14. dxc6 bxc6
15. Nd2 Be7 16. Nb3 Qc7 17. Na4 O-O 18. Nbxc5 Nb6 19. Nc3 Nd6 20. Qb3+ Kh8
21. Ne6 Bxe6 22. Qxe6 Rae8 23. Rd2 Nbc8 24. Rhd1 Qa5 25. Qd7 c5 26. Qc6 Nf7
27. Qb5 Qb6 28. Nd5 Qxb5 29. Bxb5 Rd8 30. Nxe7 Nxe7 31. Rd7 Ng8 32. Bc4 1-0

[Event "7th UI&UL GM"]
[Site "Dhaka BAN"]
[Date "2005.04.09"]
[Round "6"]
[White "Mohota,N"]
[Black "Nikhilesh,K"]
[Result "1/2-1/2"]
[WhiteElo "2297"]
[BlackElo "2199"]
[EventDate "2005.04.05"]

1. d4 Nf6 2. c4 g6 3. Nc3 d5 4. Nf3 Bg7 5. Bf4 O-O 6. Rc1 dxc4 7. e4 c5 8.
dxc5 Qa5 9. e5 Rd8 10. Bd2 Ng4 11. Bxc4 Nc6 12. Nb5 Rxd2 13. Qxd2 Qxd2+ 14.
Nxd2 Ngxe5 15. Be2 Bf5 16. O-O Nd3 17. Bxd3 Bxd3 18. Nc3 Bxf1 19. Kxf1 Rd8
20. Nb3 Ne5 21. Rd1 Rxd1+ 22. Nxd1 Nc4 23. Ke2 b6 24. Kd3 Ne5+ 25. Kc2 f5
26. Ne3 Kf7 27. cxb6 axb6 28. Nd2 Ke6 29. a4 Nc6 30. Ndc4 Bd4 31. Kd3 f4
32. Nd1 Kd5 33. b3 Nb4+ 34. Ke2 e5 35. f3 e4 36. fxe4+ Kxe4 37. Nf2+ Bxf2
38. Kxf2 Nd3+ 39. Kf1 Nc5 40. Nxb6 Nxb3 41. Nc4 f3 42. gxf3+ Kxf3 43. a5
Nc5 1/2-1/2

[Event "7th UI&UL GM"]
[Site "Dhaka BAN"]
[Date "2005.04.09"]
[Round "6"]
[White "Ram,S"]
[Black "Mohammad,J"]
[Result "1-0"]
[WhiteElo "2255"]
[BlackElo "2186"]
[EventDate "2005.04.05"]

1. Nf3 d5 2. d4 Nf6 3. c4 e6 4. g3 dxc4 5. Qa4+ Bd7 6. Qxc4 Bc6 7. Bg2 Bd5
8. Qc2 Be4 9. Qd1 Nc6 10. O-O Be7 11. Nc3 Bf5 12. Nh4 Bg4 13. h3 Bh5 14. g4
Bg6 15. Nxg6 hxg6 16. Qb3 Rb8 17. Rd1 Na5 18. Qa4+ c6 19. b4 Nc4 20. b5 Nb6
21. Qxa7 Nfd5 22. Nxd5 Nxd5 23. bxc6 bxc6 24. Qa4 O-O 25. Qxc6 Rc8 26. Qa6
Nb4 27. Qa4 Nd5 28. Rd2 Bg5 29. Rc2 Nc3 30. Qa3 Nb5 31. Rxc8 Qxc8 32. Qb2
Bxc1 33. Rxc1 Qa6 34. e3 Qa5 35. Rc4 Qe1+ 36. Kh2 Nd6 37. Rc6 Ne8 38. Rc1
Qa5 39. Qb3 Nf6 40. a4 Qa7 41. Rc5 Rb8 42. Rb5 Rc8 43. Rb7 Qa6 44. Qb5 Qd6+
45. Qe5 Qa3 46. Rb8 Rxb8 47. Qxb8+ Kh7 48. Qb5 Qa2 49. Kg3 Nd5 50. Bxd5
exd5 51. a5 f5 52. a6 fxg4 53. hxg4 Qa1 54. Kf3 Qd1+ 55. Kf4 Qh1 56. Ke5
Qe4+ 57. Kd6 Qxg4 58. a7 Qc8 59. Qb8 Qa6+ 60. Kd7 Qa4+ 61. Ke7 Qa3+ 62. Kf7
1-0

[Event "7th UI&UL GM"]
[Site "Dhaka BAN"]
[Date "2005.04.09"]
[Round "6"]
[White "Uten"]
[Black "Ahmed,Mai"]
[Result "1-0"]
[WhiteElo "2177"]
[BlackElo "2222"]
[EventDate "2005.04.05"]

1. d4 Nf6 2. c4 g6 3. Nf3 d6 4. e3 Bg7 5. Nc3 O-O 6. Qc2 Bg4 7. Be2 Nbd7 8.
h3 Bxf3 9. Bxf3 c6 10. O-O e5 11. d5 c5 12. e4 Ne8 13. Bg4 h5 14. Be2 a6
15. Rb1 Kh7 16. Be3 Bh6 17. Bxh6 Kxh6 18. f4 Ng7 19. Qd2 Kh7 20. f5 g5 21.
f6 Nxf6 22. Qxg5 Ng8 23. Qxd8 Raxd8 24. b4 cxb4 25. Rxb4 Rd7 26. Rfb1 b5
27. cxb5 axb5 28. Bxb5 Rc7 29. Bc6 Ne7 30. Rb7 Rfc8 31. Rxc7 Rxc7 32. Nb5
Rc8 33. Nxd6 Rf8 34. Rb7 Ng6 35. Nxf7 Nf4 36. Nxe5 Kh6 37. Rf7 Ne2+ 38. Kf2
Rxf7+ 39. Nxf7+ 1-0

[Event "7th UI&UL GM"]
[Site "Dhaka BAN"]
[Date "2005.04.09"]
[Round "6"]
[White "Hasan Md,E"]
[Black "Abdul,Mal"]
[Result "0-1"]
[WhiteElo "2162"]
[BlackElo "2191"]
[EventDate "2005.04.05"]

1. e4 d6 2. d4 g6 3. c4 Nf6 4. Nc3 Bg7 5. f4 O-O 6. Nf3 c5 7. d5 e6 8. e5
dxe5 9. fxe5 Ng4 10. Be2 Nxe5 11. O-O exd5 12. Nxd5 Nbc6 13. Ng5 Bf5 14.
Be3 Nd4 15. Rc1 Nxe2+ 16. Qxe2 Bd3 17. Qf2 Bxf1 18. Rxf1 h6 19. Ne4 Ng4 20.
Qf4 f5 21. Nxc5 Be5 22. Qf3 Bxh2+ 23. Kh1 Qh4 24. Qh3 Qxh3 25. gxh3 Nxe3
26. Nxe3 Be5 27. Nd5 Rf7 28. b4 b6 29. Nd3 Bd4 30. a4 Rc8 31. Rf4 Bg7 32.
a5 b5 33. Nc5 bxc4 34. Rxc4 Rd8 35. Nf4 Rd4 36. Rxd4 Bxd4 37. Nce6 Be3 38.
Nd5 f4 39. b5 Kh8 40. a6 g5 41. Kg2 Rd7 42. Nec7 Bb6 43. Nxb6 Rxc7 44. Nd5
Rc5 45. Ne7 Rxb5 46. Nc6 Rb6 47. Nxa7 Rxa6 0-1

[Event "7th UI&UL GM"]
[Site "Dhaka BAN"]
[Date "2005.04.09"]
[Round "6"]
[White "Uddin,S"]
[Black "Islam,AP"]
[Result "1-0"]
[WhiteElo "2205"]
[BlackElo "2203"]
[EventDate "2005.04.05"]

1. e4 e5 2. d4 Nc6 3. dxe5 Nxe5 4. f4 Nc6 5. Be3 d6 6. Nc3 Nf6 7. Qf3 Be7
8. h3 Bd7 9. O-O-O a6 10. g4 g6 11. Nge2 b5 12. Ng3 h5 13. g5 Nh7 14. Bd3
Nf8 15. e5 Rb8 16. Be4 Na5 17. exd6 cxd6 18. Bd4 Rh7 19. Nd5 Ne6 20. Bf6
1-0

[Event "7th UI&UL GM"]
[Site "Dhaka BAN"]
[Date "2005.04.10"]
[Round "7"]
[White "Vijayalakshmi,S"]
[Black "Prathamesh,S"]
[Result "1-0"]
[WhiteElo "2412"]
[BlackElo "2368"]
[EventDate "2005.04.05"]

1. Nf3 c5 2. c4 g6 3. g3 Bg7 4. Bg2 Nc6 5. O-O e5 6. Nc3 Nge7 7. Rb1 O-O 8.
a3 a5 9. d3 d6 10. Ne1 f5 11. Nc2 f4 12. b4 a4 13. b5 Nd4 14. Nxd4 cxd4 15.
Nd5 g5 16. Bd2 Kh8 17. Bb4 Nxd5 18. Bxd5 Rf6 19. Qc2 Qe8 20. f3 Bh3 21.
Bxb7 Rb8 22. Bc6 Qf7 23. Rf2 fxg3 24. hxg3 g4 25. Bd2 Qh5 26. b6 d5 27.
Bxd5 gxf3 28. Bxf3 Qg6 29. Kh2 Bg4 30. Kg2 e4 31. dxe4 Rfxb6 32. Rxb6 Rxb6
33. Qxa4 h5 34. Qa8+ Kh7 35. Qd5 Rb1 36. Qg5 Qe8 37. Bxg4 hxg4 38. Qxg4 Rb6
39. Rf5 Rg6 40. Rg5 Rxg5 41. Bxg5 Qa4 42. Qf5+ Kg8 43. Bf6 Bxf6 44. Qxf6
Qxc4 45. Qg5+ Kh7 46. Qh5+ Kg7 47. e5 Qd5+ 48. Kh2 Qe4 49. Qg5+ 1-0

[Event "7th UI&UL GM"]
[Site "Dhaka BAN"]
[Date "2005.04.10"]
[Round "7"]
[White "Akshayraj,K"]
[Black "Safin,S"]
[Result "0-1"]
[WhiteElo "2388"]
[BlackElo "2463"]
[EventDate "2005.04.05"]

1. e4 e5 2. Nf3 Nc6 3. Bb5 a6 4. Ba4 Nf6 5. d3 d6 6. c3 g6 7. d4 Bd7 8. O-O
Bg7 9. Re1 O-O 10. d5 Ne7 11. c4 Bg4 12. Nc3 Ne8 13. Qd3 h6 14. Nd2 Bc8 15.
b4 f5 16. Rb1 f4 17. c5 g5 18. Nc4 Ng6 19. Bd1 Rf7 20. a4 g4 21. a5 Bf8 22.
c6 f3 23. cxb7 Bxb7 24. g3 h5 25. Ba4 h4 26. Rb2 Bc8 27. Bc6 Rb8 28. Be3
Ne7 29. b5 Nxc6 30. bxc6 Rxb2 31. Nxb2 Nf6 32. Nc4 Nh7 33. Rb1 hxg3 34.
fxg3 Ng5 35. Bf2 Qf6 36. Qc2 Qh6 37. h4 gxh3 38. Kh2 Nh7 39. Ne3 Nf6 40.
Rb8 Bg4 41. Qd3 Bh5 42. Qxa6 Qxe3 43. Bxe3 Ng4+ 44. Kxh3 Nxe3 45. Qd3 f2
46. Rb1 Bg4+ 0-1

[Event "7th UI&UL GM"]
[Site "Dhaka BAN"]
[Date "2005.04.10"]
[Round "7"]
[White "Islam,Kh"]
[Black "Abdulla,AlR"]
[Result "0-1"]
[WhiteElo "2312"]
[BlackElo "2462"]
[EventDate "2005.04.05"]

1. d4 Nc6 2. Nf3 d6 3. e4 Nf6 4. c3 Bg4 5. Bd3 e5 6. d5 Ne7 7. c4 Ng6 8. h3
Bxf3 9. Qxf3 Nh4 10. Qg3 Nh5 11. Qg4 Nf4 12. Bxf4 exf4 13. Bc2 Be7 14. Ba4+
Kf8 15. O-O h5 16. Qxf4 g5 17. Qe3 g4 18. Bd1 Bg5 19. Qd3 Ng6 20. hxg4 hxg4
21. Bxg4 Qf6 22. Qf3 Bf4 23. g3 Ke7 24. Rd1 Rag8 25. Kf1 Rh2 26. Bf5 Be5
27. Nc3 Bd4 28. Rxd4 Qxd4 29. Bxg6 Rxg6 30. e5 dxe5 31. Ne4 Qxc4+ 32. Kg1
Rgh6 33. Qf5 0-1

[Event "7th UI&UL GM"]
[Site "Dhaka BAN"]
[Date "2005.04.10"]
[Round "7"]
[White "Hasan,Me"]
[Black "Gunasekaran,K"]
[Result "1-0"]
[WhiteElo "2322"]
[BlackElo "2312"]
[EventDate "2005.04.05"]

1. e4 c6 2. d4 d5 3. exd5 cxd5 4. c4 Nf6 5. Nc3 e6 6. Nf3 Bb4 7. cxd5 Nxd5
8. Bd2 Nc6 9. Bd3 O-O 10. O-O Be7 11. Qe2 Nf6 12. Ne4 Nd5 13. Rfd1 Qb6 14.
Be3 Bd7 15. a3 Rad8 16. Rac1 a6 17. b4 h6 18. Nc5 Rfe8 19. Bb1 Bc8 20. Qc2
f5 21. Ba2 Bf6 22. Na4 Qa7 23. Nc3 Qb8 24. Qd2 Nxe3 25. fxe3 Kh8 26. Qf2 g6
27. d5 Ne5 28. Qg3 Nxf3+ 29. gxf3 Qxg3+ 30. hxg3 exd5 31. Nxd5 Bg7 32. Nf4
Rxd1+ 33. Rxd1 g5 34. Bf7 Rxe3 35. Rd8+ Bf8 36. Nh5 Be6 37. Rxf8+ Kh7 38.
Bxe6 Rxe6 39. Rxf5 Re3 40. a4 Re7 41. g4 Rc7 42. Rc5 Rf7 43. Kf2 Kg6 44.
Ng3 Re7 45. Ne4 Re6 46. Rd5 1-0

[Event "7th UI&UL GM"]
[Site "Dhaka BAN"]
[Date "2005.04.10"]
[Round "7"]
[White "Murshed,N"]
[Black "Rahman,SM"]
[Result "1-0"]
[WhiteElo "2487"]
[BlackElo "2247"]
[EventDate "2005.04.05"]

1. c4 e5 2. g3 Nf6 3. Bg2 Nc6 4. Nc3 Be7 5. e3 O-O 6. Nge2 d6 7. O-O Re8 8.
b3 Bf8 9. Bb2 Ne7 10. d4 c6 11. h3 h5 12. Qd2 Qc7 13. Rae1 Ng6 14. e4 h4
15. g4 c5 16. dxe5 dxe5 17. Nd5 Nxd5 18. exd5 f5 19. f3 Bd6 20. Nc3 a6 21.
Kh1 e4 22. gxf5 Bf4 23. Qd1 Ne7 24. Nxe4 Nxf5 25. Nf6+ 1-0

[Event "7th UI&UL GM"]
[Site "Dhaka BAN"]
[Date "2005.04.10"]
[Round "7"]
[White "Lahiri,A"]
[Black "Pogorelov,R"]
[Result "1/2-1/2"]
[WhiteElo "2355"]
[BlackElo "2448"]
[EventDate "2005.04.05"]

1. d4 Nf6 2. Nf3 e6 3. e3 b6 4. Bd3 Bb7 5. O-O Be7 6. c4 O-O 7. Nc3 d5 8.
cxd5 exd5 9. b3 Nbd7 10. Bb2 Ne4 11. Rc1 a6 12. Ne2 Bd6 13. Ne5 Re8 14. f3
Bxe5 15. dxe5 Nec5 16. Bb1 Nxe5 17. b4 Ncd7 18. Qc2 Nf8 19. Qxc7 Nc4 20.
Qxb7 Nxb2 21. Nf4 d4 22. Be4 Rb8 23. Qxa6 b5 24. Qa7 dxe3 25. Qxe3 Nc4 26.
Qc5 Re5 27. Qa7 Re7 28. Qf2 Qd6 29. Nd5 Re5 30. Rfd1 Qh6 31. a4 f5 32. Bb1
Nd6 33. Rc6 Rd8 34. Bd3 Kh8 1/2-1/2

[Event "7th UI&UL GM"]
[Site "Dhaka BAN"]
[Date "2005.04.10"]
[Round "7"]
[White "Roy Chowdhury,S"]
[Black "Ramu,K"]
[Result "1/2-1/2"]
[WhiteElo "2397"]
[BlackElo "2291"]
[EventDate "2005.04.05"]

1. e4 Nc6 2. Nf3 d6 3. h3 Nf6 4. Nc3 e5 5. Bb5 Bd7 6. d4 Nxd4 7. Bxd7+ Nxd7
8. Nxd4 exd4 9. Qxd4 Qf6 10. Qb4 Nb6 11. O-O c6 12. Qb3 Qe6 13. Be3 O-O-O
14. Qa3 Kb8 15. Qa5 Be7 16. Bxb6 axb6 17. Qxb6 g5 18. Qe3 Rdg8 19. Ne2 g4
20. Nd4 Qe5 21. h4 Bxh4 22. Rad1 Rc8 23. Nf5 Bd8 24. Nxd6 Bc7 25. Qg3 Qe6
26. e5 h5 27. Rfe1 h4 28. Qf4 g3 29. Nxc8 Kxc8 30. Qf6 Qxf6 31. exf6 gxf2+
32. Kxf2 Bg3+ 33. Kf3 Bxe1 34. Rxe1 Rh6 35. Kg4 Rxf6 36. Re2 Rh6 37. Rd2
Kc7 38. a3 Rh8 39. Rf2 Rh7 40. Rf3 Kd6 41. Rh3 Ke5 42. Re3+ Kd4 43. Kf4 Rg7
44. Rd3+ Kc5 45. Rd2 Rg3 46. Rf2 Kd4 47. Rd2+ Kc5 1/2-1/2

[Event "7th UI&UL GM"]
[Site "Dhaka BAN"]
[Date "2005.04.10"]
[Round "7"]
[White "Chatterjee,D"]
[Black "Roktim,B"]
[Result "0-1"]
[WhiteElo "2246"]
[BlackElo "2389"]
[EventDate "2005.04.05"]

1. d4 Nf6 2. c4 e6 3. Nc3 Bb4 4. Qc2 O-O 5. a3 Bxc3+ 6. Qxc3 d6 7. Bg5 Nbd7
8. e3 b6 9. f3 Bb7 10. Bd3 h6 11. Bh4 Rc8 12. Ne2 c5 13. Rc1 d5 14. dxc5
Nxc5 15. Bb1 dxc4 16. Bxf6 Qxf6 17. Qxf6 gxf6 18. Rxc4 Rfd8 19. Rd4 Rxd4
20. exd4 Na4 21. b3 Nc3 22. Bd3 Nxe2 23. Kxe2 Rc3 24. Rb1 Bd5 25. Kd2 Rxb3
26. Rxb3 Bxb3 27. f4 f5 28. Be2 Bd5 29. g3 Kf8 30. Kc3 a5 31. Bb5 Ke7 32.
Be2 Kd6 33. Bh5 f6 34. Bd1 b5 35. Be2 Bc6 36. Bf1 e5 37. fxe5+ fxe5 38.
dxe5+ Kxe5 39. Bd3 Bd7 40. Bc2 Kd5 41. Bd3 Kc5 42. Be2 b4+ 43. axb4+ axb4+
44. Kb2 Be6 45. Kc2 Kd4 46. Kd2 Bd5 47. g4 f4 48. h4 b3 49. g5 hxg5 50.
hxg5 Be4 0-1

[Event "7th UI&UL GM"]
[Site "Dhaka BAN"]
[Date "2005.04.10"]
[Round "7"]
[White "Nikhilesh,K"]
[Black "Abu Sufian,S"]
[Result "1-0"]
[WhiteElo "2199"]
[BlackElo "2233"]
[EventDate "2005.04.05"]

1. e4 c5 2. Nf3 d6 3. d4 cxd4 4. Nxd4 Nf6 5. Nc3 g6 6. Be3 Bg7 7. f3 Nc6 8.
Qd2 O-O 9. O-O-O d5 10. Kb1 Nxd4 11. e5 Nd7 12. Bxd4 e6 13. f4 a6 14. h4 b5
15. h5 Qc7 16. g4 Re8 17. hxg6 fxg6 18. Qh2 Nf8 19. Rd3 Bb7 20. Rh3 Bh8 21.
Bd3 Re7 22. Rh6 Rg7 23. f5 gxf5 24. gxf5 exf5 25. Bxf5 Re8 26. Ne2 Ree7 27.
Nf4 Qc4 28. c3 b4 29. b3 Qb5 30. Ne6 Nxe6 31. Bxe6+ Rxe6 32. Rxe6 Qd3+ 33.
Ka1 Rf7 34. Rf6 Re7 35. e6 1-0

[Event "7th UI&UL GM"]
[Site "Dhaka BAN"]
[Date "2005.04.10"]
[Round "7"]
[White "Abdul,Mal"]
[Black "Pg,MOAHirawan"]
[Result "1-0"]
[WhiteElo "2191"]
[BlackElo "2230"]
[EventDate "2005.04.05"]

1. d4 Nf6 2. Nf3 g6 3. Nc3 d5 4. Bf4 Bg7 5. Qd2 c5 6. dxc5 Qa5 7. Be5 O-O
8. Bxf6 exf6 9. Nxd5 Qxc5 10. b4 Qd6 11. c4 Nc6 12. c5 Qd8 13. b5 Ne7 14.
e4 f5 15. Rd1 fxe4 16. Nf6+ Bxf6 17. Qxd8 Bc3+ 18. Qd2 Bxd2+ 19. Nxd2 Bf5
20. Be2 e3 21. Nb3 Rad8 22. fxe3 Nd5 23. Bf3 Nxe3 24. Rxd8 Rxd8 25. Kf2
Ng4+ 26. Kg3 Rd3 27. Kf4 Nf6 28. Rd1 Nd5+ 29. Ke5 Rxd1 30. Bxd1 Nc3 31. Bf3
Nxb5 32. Bxb7 Kf8 33. Na5 Ke7 34. Nc6+ Kd7 35. a4 Nc3 36. Nxa7 Kc7 37. Bc6
Bc2 38. a5 Bb3 39. Bf3 f5 40. Kd4 Ne4 41. Bxe4 fxe4 42. Nb5+ Kc6 43. a6 e3
44. a7 Kb7 45. c6+ 1-0

[Event "7th UI&UL GM"]
[Site "Dhaka BAN"]
[Date "2005.04.10"]
[Round "7"]
[White "Mohammad,J"]
[Black "Uten"]
[Result "1-0"]
[WhiteElo "2186"]
[BlackElo "2177"]
[EventDate "2005.04.05"]

1. e4 e6 2. d4 d5 3. Nc3 Nf6 4. Bg5 dxe4 5. Nxe4 Be7 6. Bxf6 Bxf6 7. Nf3
O-O 8. c3 b6 9. Bd3 Bb7 10. Qc2 Be7 11. O-O-O Nd7 12. Rhe1 Re8 13. Kb1 a5
14. Ne5 Qc8 15. Re3 f5 16. Nd2 Bg5 17. Bxf5 Nf6 18. Bxh7+ Nxh7 19. Qg6 Re7
20. Rh3 Bh4 21. Rxh4 Nf6 22. g4 Qe8 23. g5 Qxg6+ 24. Nxg6 1-0

[Event "7th UI&UL GM"]
[Site "Dhaka BAN"]
[Date "2005.04.10"]
[Round "7"]
[White "Vinoth,K"]
[Black "Chowdhury,So"]
[Result "1-0"]
[WhiteElo "2238"]
[BlackElo "2163"]
[EventDate "2005.04.05"]

1. e4 c5 2. d3 Nc6 3. g3 g6 4. Bg2 Bg7 5. Nh3 e6 6. f4 Nge7 7. c3 d6 8. O-O
O-O 9. Nd2 Rb8 10. g4 f5 11. gxf5 exf5 12. a4 h6 13. Kh1 b6 14. Qe1 Bb7 15.
Qg3 Na5 16. Ng1 Kh7 17. Ngf3 Qc7 18. Rg1 c4 19. Nh4 cxd3 20. Qxd3 Rf6 21.
b4 fxe4 22. Nxe4 Nb3 23. Nxf6+ Bxf6 24. Nxg6 Nxg6 25. h4 Nxc1 26. Raxc1
Bxh4 27. Kh2 Rg8 28. Bh3 Bc8 29. Rxg6 Rxg6 30. Rg1 Qf7 31. Bxc8 Qxf4+ 32.
Kh3 Bg5 33. Bf5 Qh4+ 34. Kg2 Kg7 35. Bxg6 Qg4+ 36. Kf1 Qf4+ 37. Ke1 Qc1+
38. Kf2 Qf4+ 39. Ke1 Qc1+ 40. Kf2 Qf4+ 41. Kg2 Qg4+ 42. Qg3 Qe2+ 43. Qf2
Qg4+ 44. Kh1 Qh3+ 45. Qh2 Qxh2+ 46. Kxh2 Kxg6 47. c4 a5 48. Rd1 Bf4+ 49.
Kg2 axb4 50. Rd5 Kf6 51. Kf3 Be5 52. Ke4 Bh2 53. Rd2 Be5 54. Kd5 b3 55. Rd3
b2 56. Rb3 h5 57. Rxb6 h4 58. Ke4 h3 59. Kf3 Ke7 60. a5 Bd4 61. Rb7+ Ke6
62. a6 Kf5 63. Rxb2 1-0

[Event "7th UI&UL GM"]
[Site "Dhaka BAN"]
[Date "2005.04.10"]
[Round "7"]
[White "Hossain,Mon"]
[Black "Uddin,S"]
[Result "0-1"]
[WhiteElo "2170"]
[BlackElo "2205"]
[EventDate "2005.04.05"]

1. d4 Nf6 2. c4 c6 3. Nf3 g6 4. Nc3 d5 5. Qb3 Bg7 6. g3 O-O 7. Bg2 Qb6 8.
Qxb6 axb6 9. cxd5 cxd5 10. O-O Nc6 11. Bf4 Bd7 12. Rfd1 e6 13. e3 Rfc8 14.
Bf1 Na5 15. Rdc1 Bf8 16. Ne5 Be8 17. Nb5 Rxc1 18. Rxc1 Nh5 19. Nf3 Nxf4 20.
gxf4 f6 21. Rc7 Nc4 22. b3 Bxb5 23. bxc4 Bc6 24. Bh3 f5 25. cxd5 Bxd5 26.
Ng5 h6 27. e4 Bxa2 28. Nf7 fxe4 29. Ne5 Bd6 30. Rc2 Bd5 31. Nxg6 b5 32. Rb2
b4 33. Bg4 Ra1+ 34. Kg2 b3 35. Ne5 Ba3 0-1

[Event "7th UI&UL GM"]
[Site "Dhaka BAN"]
[Date "2005.04.10"]
[Round "7"]
[White "Islam,AP"]
[Black "Hasan Md,E"]
[Result "0-1"]
[WhiteElo "2203"]
[BlackElo "2162"]
[EventDate "2005.04.05"]

1. Nf3 Nf6 2. b4 g6 3. Bb2 Bg7 4. a4 O-O 5. g3 c6 6. c4 Qb6 7. Qb3 a5 8. b5
Na6 9. Bg2 Nc5 10. Qc2 Nce4 11. Bd4 c5 12. Bb2 d5 13. O-O dxc4 14. Na3 c3
15. dxc3 Bf5 16. Qc1 Qe6 17. c4 Rad8 18. Be5 Nd2 19. Nxd2 Qxe5 20. Re1 Ng4
21. Nb3 b6 22. e4 Be6 23. h3 Nh6 24. Rb1 Rd3 25. Bf1 Rc3 26. Qd2 Qh5 27. e5
Rf3 28. Re4 Qf5 29. Rf4 Rxf4 30. gxf4 Qh5 31. Qd1 Qh4 32. Qf3 Nf5 33. Nc1
Nd4 34. Qg3 Qh5 35. Bg2 Qd1+ 36. Kh2 Bf5 37. Ra1 Bh6 38. Qe3 Rd8 39. Ra2
Ne6 40. Bf3 Qf1 41. Bg2 Qd1 42. Bf3 Qxa4 43. Kg2 Bxf4 44. Qc3 Qb4 45. Ne2
Rd3 46. Qxb4 cxb4 47. Nb1 Rd1 48. Nec3 Rc1 49. Ne4 Rxb1 50. c5 bxc5 51.
Rxa5 Bxe5 52. b6 Nf4+ 53. Kg3 Ne2+ 54. Kh4 Bxe4 55. Rxc5 Bf6+ 0-1

[Event "7th UI&UL GM"]
[Site "Dhaka BAN"]
[Date "2005.04.10"]
[Round "7"]
[White "Ahmed,Mai"]
[Black "Shamima,A"]
[Result "1-0"]
[WhiteElo "2222"]
[BlackElo "2061"]
[EventDate "2005.04.05"]

1. d4 d5 2. c4 c6 3. Nc3 Nf6 4. cxd5 cxd5 5. Bf4 Nc6 6. e3 Bf5 7. Nf3 Qb6
8. Bb5 a6 9. Bxc6+ bxc6 10. O-O e6 11. Na4 Qb5 12. Ne5 Be7 13. Rc1 Rc8 14.
a3 O-O 15. b4 a5 16. bxa5 Bxa3 17. Ra1 Bb2 18. Ra2 Bxd4 19. Qxd4 c5 20. Qb2
Qa6 21. Qb6 Bd3 22. Qxa6 Bxa6 23. Rc1 c4 24. Nb6 Rc7 25. Ng6 Rc6 26. Nxf8
Kxf8 27. f3 Ne8 28. Nd7+ Ke7 29. Nb8 1-0

[Event "7th UI&UL GM"]
[Site "Dhaka BAN"]
[Date "2005.04.11"]
[Round "8"]
[White "Ganguly,S"]
[Black "Iuldachev,S"]
[Result "1-0"]
[WhiteElo "2583"]
[BlackElo "2537"]
[EventDate "2005.04.05"]

1. e4 e5 2. Nf3 Nc6 3. Bb5 a6 4. Ba4 Nf6 5. O-O Nxe4 6. d4 b5 7. Bb3 d5 8.
dxe5 Be6 9. Nbd2 Nc5 10. c3 d4 11. Bxe6 Nxe6 12. cxd4 Ncxd4 13. a4 Bb4 14.
axb5 Nxf3+ 15. Nxf3 axb5 16. Rxa8 Qxa8 17. Ng5 Qc6 18. Qg4 Qc4 19. Qf5 Nd8
20. Rd1 Be7 21. Be3 Qc6 22. Rxd8+ 1-0

[Event "7th UI&UL GM"]
[Site "Dhaka BAN"]
[Date "2005.04.11"]
[Round "8"]
[White "Rahman,Zia"]
[Black "Vijayalakshmi,S"]
[Result "1-0"]
[WhiteElo "2538"]
[BlackElo "2412"]
[EventDate "2005.04.05"]

1. Nf3 Nf6 2. c4 b6 3. g3 Bb7 4. Bg2 e6 5. O-O Be7 6. Nc3 c5 7. Re1 a6 8.
e4 d6 9. d4 cxd4 10. Nxd4 Qc7 11. Be3 Nbd7 12. f4 O-O 13. Rc1 Rac8 14. f5
e5 15. Nd5 Qd8 16. Nb3 Nxd5 17. cxd5 Bg5 18. Qd2 Bxe3+ 19. Qxe3 f6 20. Nd2
Rxc1 21. Rxc1 Qb8 22. Bf1 Rc8 23. Rxc8+ Qxc8 24. Nc4 Qc7 25. b4 b5 26. Na5
Bc8 27. h4 Qb6 28. Kf2 Qxe3+ 29. Kxe3 Nb6 30. Nc6 Kf8 31. Nd8 Ke8 32. Ne6
Bxe6 33. fxe6 Ke7 34. g4 h5 35. gxh5 f5 36. Kf3 Kf6 37. Bh3 f4 38. Bf1 Na4
39. Bd3 Nc3 40. a3 Na4 41. Ke2 Nb2 42. Bc2 Ke7 43. Kf3 Nc4 44. Bd3 Nxa3 45.
Kg4 Kf6 46. h6 gxh6 47. Kh5 f3 48. Kxh6 f2 49. Kh7 Nc4 50. Kg8 Nb6 51. h5
Nc8 52. h6 Ne7+ 53. Kf8 a5 54. bxa5 b4 55. a6 b3 56. a7 b2 57. a8=Q b1=Q
58. Bxb1 f1=Q 59. Qd8 Kg6+ 60. Kxe7 Qxb1 61. Kxd6 Qxe4 62. e7 Qb4+ 63. Kc6
Kh7 64. e8=Q Qc4+ 65. Kb7 1-0

[Event "7th UI&UL GM"]
[Site "Dhaka BAN"]
[Date "2005.04.11"]
[Round "8"]
[White "Syed Anwar,S"]
[Black "Hossain,Enam"]
[Result "0-1"]
[WhiteElo "2305"]
[BlackElo "2453"]
[EventDate "2005.04.05"]

1. d4 Nf6 2. Nf3 d5 3. Bg5 Ne4 4. Bf4 c5 5. e3 Qb6 6. Qc1 Nc6 7. c3 Bf5 8.
h3 Rc8 9. Be2 cxd4 10. exd4 e6 11. O-O Be7 12. Nbd2 g5 13. Be3 f6 14. Nxe4
Bxe4 15. Nd2 Bg6 16. Nb3 h5 17. Qd2 Qd8 18. Nc5 b6 19. Nxe6 Qd7 20. Nxg5
fxg5 21. Bxg5 Qf5 22. Bxe7 Kxe7 23. Rfe1 Kd6 24. Bf3 Rce8 25. b3 Rxe1+ 26.
Rxe1 Re8 27. Rxe8 Bxe8 28. c4 Qf6 29. c5+ Kc7 30. cxb6+ axb6 31. Qe2 Bf7
32. Bxh5 Nxd4 33. Qd1 Be6 34. Bg4 Qe5 35. Bxe6 Nxe6 36. h4 Qe4 37. g3 d4
38. h5 d3 39. h6 Nd4 40. f3 Nxf3+ 41. Kf2 d2 0-1

[Event "7th UI&UL GM"]
[Site "Dhaka BAN"]
[Date "2005.04.11"]
[Round "8"]
[White "Abdulla,AlR"]
[Black "Reefat,S"]
[Result "0-1"]
[WhiteElo "2462"]
[BlackElo "2473"]
[EventDate "2005.04.05"]

1. d4 e6 2. Nf3 c5 3. g3 b5 4. Bg2 Bb7 5. O-O Nf6 6. Na3 Qb6 7. c4 b4 8.
Nb5 a6 9. dxc5 Bxc5 10. Nbd4 Ne4 11. Be3 O-O 12. Qd3 d6 13. Nb3 Bxe3 14.
Qxe3 Qxe3 15. fxe3 Ra7 16. Rfd1 Nd7 17. Na5 Ba8 18. Nd2 Nef6 19. Bxa8 Raxa8
20. Ndb3 Ne4 21. Nc6 Ne5 22. Nxe5 dxe5 23. c5 Rfc8 24. Rac1 a5 25. c6 Kf8
26. Rc4 Nf6 27. Nc5 Ke7 28. Nd3 e4 29. Ne5 Rc7 30. Kf2 Ra6 31. Rdc1 Kd6 32.
Nxf7+ Rxf7 0-1

[Event "7th UI&UL GM"]
[Site "Dhaka BAN"]
[Date "2005.04.11"]
[Round "8"]
[White "Safin,S"]
[Black "Sriram,J"]
[Result "1/2-1/2"]
[WhiteElo "2463"]
[BlackElo "2445"]
[EventDate "2005.04.05"]

1. d4 d5 2. c4 c6 3. Nf3 Nf6 4. e3 Bf5 5. Nc3 e6 6. Nh4 Be4 7. f3 Bg6 8.
Qb3 Qc7 9. g3 Nbd7 10. Bd2 Be7 11. O-O-O Qb6 12. g4 O-O 13. g5 Ne8 14. Nxg6
hxg6 15. h4 Nd6 16. cxd5 cxd5 17. Bd3 Nf5 18. Rdg1 Qxb3 19. axb3 Bd6 20. f4
a6 21. Kd1 Rac8 22. h5 Nb8 23. Bxf5 gxf5 24. Ke2 Nc6 25. Na4 Ne7 26. Rc1
Rxc1 27. Rxc1 Rc8 28. Rxc8+ Nxc8 29. Ba5 b5 30. Nb6 Nxb6 31. Bxb6 Kh7 32.
Bc5 1/2-1/2